Personalistika - Mzda - Práca odborný časopis pre personalistiku, odmeňovanie, pracovné právo, kolektívne vyjednávanie a pre sociálnu oblasť

Enregistré dans:
Détails bibliographiques
Format: Publication en série
Langue:slovaque
Publié: Bratislava Mediasphere
Sujets:
Tags: Ajouter un tag
Pas de tags, Soyez le premier à ajouter un tag!

MARC

LEADER 00000nas1a2200000 4500
001 s121985
005 20250708091958.1
022 |a 1335-4043 
041 0 |a slo 
044 |a SK 
245 1 0 |a Personalistika - Mzda - Práca  |b odborný časopis pre personalistiku, odmeňovanie, pracovné právo, kolektívne vyjednávanie a pre sociálnu oblasť 
264 1 |a Bratislava  |b Mediasphere 
610 2 0 |a personalistika 
610 2 0 |a práca 
610 2 0 |a mzdy